Controversia sobre venta de acciones brasileñas (Registro nro. 13004)

Detalles MARC
000 -LEADER
fixed length control field 00327 a2200109 4500
001 - CONTROL NUMBER
control field ART_7639
005 - DATE AND TIME OF LATEST TRANSACTION
control field 20260410161637.0
008 - FIXED-LENGTH DATA ELEMENTS--GENERAL INFORMATION
fixed length control field 260409a
100 1# - MAIN ENTRY--PERSONAL NAME
Personal name Edelstein, Andrés M.
245 10 - TITLE STATEMENT
Title Controversia sobre venta de acciones brasileñas
773 0# - HOST ITEM ENTRY
Title Consultor tributario
Related parts - Nº 6 (ago. 2007)
Record control number REV474

No hay ítems disponibles.